000 00301nam a22001337a 4500
008 170628b xxu||||| |||| 00| 0 eng d
020 _a9780486218663
041 _aeng
080 _a821
100 _a21
101 _aGJL
245 _aTHE EGYPTIAN BOOK OF THE DEAD
_cBUDGE, E.A.W
942 _2udc
_cBK
999 _c19333
_d19333